00453cam a22001692 4500001001100000005001700011008004100028020001700069040001500086100003300101245003600134250001300170260003800183300001700221650004200238852000300280000002086220151217145928.0111025s xx 000 0 eng d a1847034960 : aKABUcKABU1 aDuxbury, Robert.@000018149210aContract law /cRobert Duxbury. a8th ed. aLondon :bSweet & Maxwell,c2009. axli, 189 p. 0aContractszGreat Britain.@00001569581